000 00255nam a22001217a 4500
041 _aENG
100 _aFloyd Hickok
245 _aHandbook Of Solar And Wind Energy
260 _aDelhi
_bCBI
_c1992
300 _a124
650 _aEOES (12)
856 _uEOES
999 _c2694
_d2694